| 000 | 00795nam a2200229 i 4500 | ||
|---|---|---|---|
| 001 | 134537 | ||
| 003 | ES-MaACL | ||
| 005 | 20230906194709.0 | ||
| 007 | t| | ||
| 008 | 070911s1969 sp ||||1| spa d | ||
| 100 | 1 |
_aYagüe Gil, Angel. _9117537 |
|
| 245 | 1 | 4 |
_aLos taninos vegetales / _cAngel Yagüe, Miguel de Gaviña Múgica, Jorge Torner Ochoa. |
| 260 |
_aMadrid : _bInstituto Forestal de Investigaciones y Experiencias, _c1969. |
||
| 300 |
_a289 p. : _bil. ; _c24 cm. |
||
| 650 | 1 | 4 |
_aTaninos. _917280 |
| 650 | 4 |
_aCurtido. _9167412 |
|
| 700 | 1 |
_aGaviña Múgica, Miguel de. _956084 |
|
| 700 | 1 |
_aTorner Ochoa, Jorge. _9110667 |
|
| 710 | 2 |
_aInstituto Forestal de Investigaciones y Experiencias. _95059 |
|
| 852 |
_aES-MaACL _jC-42309 _bR.70985 |
||
| 852 |
_aES-MaACL _jC-42310 _bR.71015 |
||
| 999 |
_c134537 _d134537 |
||